000
00284nam a22001337a 4500
008
170508b xxu||||| |||| 00| 0 eng d
020
_a
0314823484
041
_a
eng
080
_a
34
100
_a
15
101
_a
SHJ
245
_a
THE LAW OF THE SEA
_c
SOHN, L.B
942
_2
udc
_c
BK
999
_c
12879
_d
12879